Epsom Derby Winners - Statistics

General Stats
  • This quiz has been taken 811 times
    8 since last reset
  • The average score is 15 of 247
Answer Stats
Year Jockey Winner % Correct
1981 Walter Swinburn Shergar
83%
1970 Lester Piggott Nijinsky
67%
1971 Geoff Lewis Mill Reef
50%
1989 Willie Carson Nashwan
50%
1992 John Reid Dr Devious
33%
1991 Alan Munro Generous
33%
1975 Pat Eddery Grundy
33%
1980 Willie Carson Henbit
33%
1973 Edward Hide Morston
33%
1987 Steve Cauthen Reference Point
33%
1972 Lester Piggott Roberto
33%
1984 Christy Roche Secreto
33%
1986 Walter Swinburn Shahrastani
33%
1978 Greville Starkey Shirley Heights
33%
2000 Johnny Murtagh Sinndar
33%
1968 Lester Piggott Sir Ivor
33%
1985 Steve Cauthen Slip Anchor
33%
1983 Lester Piggott Teenoso
33%
1977 Lester Piggott The Minstrel
33%
1979 Willie Carson Troy
33%
2021 Adam Kirby Adayar
17%
2019 Seamie Heffernan Anthony Van Dyck
17%
2023 Ryan Moore Auguste Rodin
17%
2014 Joseph O'Brien Australia
17%
2007 Frankie Dettori Authorized
17%
1997 Willie Ryan Benny the Dip
17%
1969 Ernie Johnson Blakeney
17%
2012 Joseph O'Brien Camelot
17%
2024 Ryan Moore City of Troy
17%
1993 Michael Kinane Commander in Chief
17%
2022 Richard Kingscote Desert Crown
17%
1780 Sam Arnull Diomed
17%
1976 Lester Piggott Empery
17%
1994 Willie Carson Erhaab
17%
2001 Michael Kinane Galileo
17%
1982 Pat Eddery Golden Fleece
17%
2015 Frankie Dettori Golden Horn
17%
2016 Pat Smullen Harzand
17%
2002 Johnny Murtagh High Chaparral
17%
1998 Olivier Peslier High-Rise
17%
1933 Tommy Weston Hyperion
17%
1988 Ray Cochrane Kahyasi
17%
2003 Kieren Fallon Kris Kin
17%
2025 Wayne Lordan Lambourn
17%
1995 Walter Swinburn Lammtarra
17%
2018 William Buick Masar
17%
2005 Johnny Murtagh Motivator
17%
1954 Lester Piggott Never Say Die
17%
2008 Kevin Manning New Approach
17%
2004 Kieren Fallon North Light
17%
1999 Kieren Fallon Oath
17%
1812 Bill Arnull Octavius
17%
1953 Sir Gordon Richards Pinza
17%
2011 Mickael Barzalona Pour Moi
17%
1990 Pat Eddery Quest for Fame
17%
2013 Ryan Moore Ruler of the World
17%
1965 Pat Glennon Sea Bird
17%
2009 Michael Kinane Sea the Stars
17%
2020 Emmet McNamara Serpentine
17%
1996 Michael Hills Shaamit
17%
2006 Martin Dwyer Sir Percy
17%
1974 Brian Taylor Snow Knight
17%
1952 Charles Smirke Tulyar
17%
2017 Padraig Beggy Wings of Eagles
17%
2010 Ryan Moore Workforce
17%
1913 Edwin Piper Aboyeur
0%
1785 Charles Hindley Aimwell
0%
1946 Tommy Lowrey Airborne
0%
1838 Jem Chapple Amato
0%
1854 Alfred Day Andover
0%
1932 Fred Lane April the Fifth
0%
1799 John Arnull Archduke
0%
1951 Chuck Spares Arctic Prince
0%
1902 Skeets Martin Ard Patrick
0%
1782 Sam Arnull Assassin
0%
1842 Bill Scott Attila
0%
1888 Fred Barrett Ayrshire
0%
1817 Jem Robinson Azor
0%
1935 Freddie Fox Bahram
0%
1836 Jem Robinson Bay Middleton
0%
1858 John Wells Beadsman
0%
1880 Fred Archer Bend Or
0%
1864 Jim Snowden Blair Athol
0%
1930 Harry Wragg Blenheim
0%
1857 Jack Charlton Blink Bonny
0%
1839 Sim Templeman Bloomsbury
0%
1814 Bill Arnull Blucher
0%
1868 John Wells Blue Gown
0%
1939 Eph Smith Blue Peter
0%
1938 Charlie Elliott Bois Roussel
0%
1828 Jem Robinson Cadland
0%
1927 Charlie Elliott Call Boy
0%
1931 Freddie Fox Cameronian
0%
1922 Steve Donoghue Captain Cuttle
0%
1862 John Parsons Caractacus
0%
1805 Dennis Fitzpatrick Cardinal Beaufort
0%
1824 Jem Robinson Cedric
0%
1800 Bill Clift Champion
0%
1966 Scobie Breasley Charlottown
0%
1905 Danny Maher Cicero
0%
1797 John Singleton, Jr. Colt by Fidget
0%
1891 George Barrett Common
0%
1926 Joe Childs Coronach
0%
1841 Patrick Conolly Coronation
0%
1847 Sim Templeman Cossack
0%
1843 Bill Scott Cotherstone
0%
1872 Charlie Maidment Cremorne
0%
1957 Lester Piggott Crepello
0%
1794 Frank Buckle Daedalus
0%
1833 Jem Chapple Dangerous
0%
1852 Frank Butler Daniel O'Rourke
0%
1945 Billy Nevett Dante
0%
1900 Herbert Jones Diamond Jubilee
0%
1796 John Arnull Didelot
0%
1803 Bill Clift Ditto
0%
1873 Fred Webb Doncaster
0%
1889 Tommy Loates Donovan
0%
1914 Matt McGee Durbar
0%
1791 Matt Stephenson Eager
0%
1801 John Saunders Eleanor
0%
1807 John Arnull Election
0%
1856 Tom Aldcroft Ellington
0%
1823 Frank Buckle Emilius
0%
1871 Tom French Favonius
0%
1928 Harry Wragg Felstead
0%
1916 Joe Childs Fifinella
0%
1899 Morny Cannon Flying Fox
0%
1829 John Forth Frederick
0%
1918 Joe Childs Gainsborough
0%
1950 Rae Johnstone Galcador
0%
1875 Jack Morris Galopin
0%
1897 Charles Wood Galtee More
0%
1917 Steve Donoghue Gay Crusader
0%
1874 Harry Custance George Frederick
0%
1865 Harry Grimshaw Gladiateur
0%
1919 Fred Templeman Grand Parade
0%
1821 Sam Day Gustavus
0%
1804 Bill Arnull Hannibal
0%
1958 Charles Smirke Hard Ridden
0%
1884 Sam Loates Harvester
0%
1867 John Daley Hermit
0%
1921 Steve Donoghue Humorist
0%
1881 Fred Archer Iroquois
0%
1893 Tommy Loates Isinglass
0%
1898 Otto Madden Jeddah
0%
1792 Frank Buckle John Bull
0%
1861 Ralph Bullock Kettledrum
0%
1870 Tom French Kingcraft
0%
1876 Charlie Maidment Kisber
0%
1894 John Watts Ladas
0%
1826 George Dockeray Lap-dog
0%
1962 Neville Sellwood Larkspur
0%
1956 Rae Johnstone Lavandin
0%
1910 Bernard Dillon Lemberg
0%
1840 William Macdonald Little Wonder
0%
1866 Harry Custance Lord Lyon
0%
1863 Tom Chaloner Macaroni
0%
1936 Charles Smirke Mahmoud
0%
1827 Jem Robinson Mameluke
0%
1925 Steve Donoghue Manna
0%
1885 Fred Archer Melton
0%
1887 John Watts Merry Hampton
0%
1937 Michael Beary Mid-day Sun
0%
1825 Jem Robinson Middleton
0%
1909 Herbert Jones Minoru
0%
1822 Tom Goodisson Moses
0%
1835 Bill Scott Mündig
0%
1859 John Wells Musjid
0%
1948 Rae Johnstone My Love
0%
1949 Charlie Elliott Nimbus
0%
1786 J. White Noble
0%
1944 Billy Nevett Ocean Swell
0%
1907 John Reiff Orby
0%
1844 Nat Flatman Orlando
0%
1886 Fred Archer Ormonde
0%
1941 Billy Nevett Owen Tudor
0%
1808 Frank Collinson Pan
0%
1923 Steve Donoghue Papyrus
0%
1806 John Shepherd Paris
0%
1959 Harry Carr Parthia
0%
1947 Georges Bridgland Pearl Diver
0%
1896 John Watts Persimmon
0%
1811 Frank Buckle Phantom
0%
1955 Freddie Palmer Phil Drake
0%
1837 George Edwards Phosphorus
0%
1834 Patrick Conolly Plenipotentiary
0%
1915 Steve Donoghue Pommern
0%
1940 Sam Wragg Pont l'Eveque
0%
1809 Tom Goodisson Pope
0%
1869 John Osborne Jr. Pretender
0%
1830 Sam Day Priam
0%
1816 Will Wheatley Prince Leopold
0%
1961 Roger Poincelet Psidium
0%
1846 Sam Day Pyrrhus The First
0%
1963 Yves Saint-Martin Relko
0%
1790 John Arnull Rhadamanthus
0%
1903 Danny Maher Rock Sand
0%
1967 George Moore Royal Palace
0%
1820 Sam Chifney, Jr. Sailor
0%
1890 John Watts Sainfoin
0%
1783 Charles Hindley Saltram
0%
1818 Sam Chifney, Jr. Sam
0%
1924 Tommy Weston Sansovino
0%
1964 Scobie Breasley Santa Claus
0%
1878 Harry Constable Sefton
0%
1784 John Arnull Serjeant
0%
1882 Tom Cannon, Sr. Shotover
0%
1908 Billy Bullock Signorinetta
0%
1877 Fred Archer Silvio
0%
1879 George Fordham Sir Bevys
0%
1798 Sam Arnull Sir Harry
0%
1892 Fred Allsopp Sir Hugo
0%
1787 Sam Arnull Sir Peter Teazle
0%
1788 William South Sir Thomas
0%
1895 Sam Loates Sir Visto
0%
1789 Sam Chifney Skyscraper
0%
1813 Tom Goodisson Smolensko
0%
1831 Will Wheatley Spaniel
0%
1906 Danny Maher Spearmint
0%
1920 Frank O'Neill Spion Kop
0%
1795 Anthony Wheatley Spread Eagle
0%
1904 Kempton Cannon St. Amant
0%
1883 Charles Wood St. Blaise
0%
1884 Charles Wood St. Gatien
0%
1832 Bill Scott St. Giles
0%
1960 Lester Piggott St. Paddy
0%
1943 Tommy Carey Straight Deal
0%
1911 George Stern Sunstar
0%
1848 Sim Templeman Surplice
0%
1912 John Reiff Tagalie
0%
1851 Job Marson Teddington
0%
1849 Charles Marlow The Flying Dutchman
0%
1845 Foster Bell The Merry Monarch
0%
1860 Harry Custance Thormanby
0%
1819 Bill Clift Tiresias
0%
1929 Joe Marshall Trigo
0%
1802 Frank Buckle Tyrant
0%
1901 Lester Reiff Volodyovski
0%
1850 Job Marson Voltigeur
0%
1942 Harry Wragg Watling Street
0%
1793 Bill Clift Waxy
0%
1853 Frank Butler West Australian
0%
1810 Bill Clift Whalebone
0%
1815 Tom Goodisson Whisker
0%
1855 Robert Sherwood Wild Dayrell
0%
1934 Charles Smirke Windsor Lad
0%
1781 Charles Hindley Young Eclipse
0%
No matching quizzes found
Score Distribution
Percent of People with Each Score
Percentile by Number Answered
Your Score History
You have not taken this quiz since the last reset